000 00380nam a2200157Ia 4500
008 230524s9999 xx 000 0 und d
082 _a650.014
_bKAH
100 _aKenneth B.Kahn
245 0 _aNew Product Planning
250 _aIST
260 _aNEW DELHI
_bResponse Books
_c2001
300 _aVIII;253
500 _aQuantity Number: 2
650 _aManagement
942 _cBK
999 _c46867
_d46867